Normal view
MARC view
- Sajid, Sana
Entry Personal Name
001 - CONTROL NUMBER
- control field: 125544
003 - CONTROL NUMBER IDENTIFIER
- control field: NUST
005 - DATE AND TIME OF LATEST TRANSACTION
- control field: 20240830121201.0
008 - FIXED-LENGTH DATA ELEMENTS
- fixed length control field: 240830|| aca||aabn | a|a d
040 ## - CATALOGING SOURCE
- Original cataloging agency: NUST
- Transcribing agency: NUST
100 ## - HEADING--PERSONAL NAME
- Personal name: Sajid, Sana
670 ## - SOURCE DATA FOUND
- Source citation: Work cat.: (NUST): Sajid, Sana, Anticipating The Stock Market Trend Using Natural Language Processing Techniques/
